| 000 | 00438nam a2200181Ia 4500 | ||
|---|---|---|---|
| 005 | 20250603144837.0 | ||
| 008 | 250603s9999 xx 000 0 und d | ||
| 020 | _a9781032495576 | ||
| 050 | _aTK 1005 .P45/ | ||
| 100 | _aPerelmuter, V. M. | ||
| 245 | 0 | _aElectrical Drive Simulation with MATLAB/Simulink | |
| 260 | _aBoca Raton | ||
| 260 | _bCRC Press | ||
| 260 | _c2023 | ||
| 300 | _a260 p | ||
| 650 | _aBoca Raton | ||
| 942 | _cBK | ||
| 999 |
_c40116 _d40116 |
||